| 000 | 00443nam a2200181Ia 4500 | ||
|---|---|---|---|
| 008 | 230524s9999 xx 000 0 und d | ||
| 020 | _a0195689054 | ||
| 082 |
_a620.4021 _bRUS |
||
| 100 | _aLynn D.Russell | ||
| 245 | 0 | _aEngineering Thermodynamics | |
| 250 | _aIST | ||
| 260 |
_aNEW DELHI _bOxford _c2007 |
||
| 300 | _aXV;731 | ||
| 500 | _aQuantity Number: 68 | ||
| 650 | _aThermodynamics | ||
| 700 | _a George A.Adebiyi | ||
| 942 | _cBK | ||
| 999 |
_c40300 _d40300 |
||